| 000 | 004460000a22001690004500 | ||
|---|---|---|---|
| 003 | MACL | ||
| 005 | 20151231132153.0 | ||
| 008 | 151231b xxu||||| |||| 00| 0 eng d | ||
| 040 |
_aMACL _cMACL |
||
| 041 | _aEnglish | ||
| 082 | _a370/NAN | ||
| 100 |
_aNanavatty, Meher C _925638 |
||
| 245 | _aTraining in Social Education | ||
| 260 |
_bIndian Adult Education Association _c1953 _aDelhi |
||
| 650 |
_aEducation _925639 |
||
| 942 |
_cBK _k370/NAN _2ddc |
||
| 999 |
_c34714 _d34714 |
||